Ligne P du Transilien - Statistiques

Statistiques générales
  • Ce quiz a été pris 301 fois
    131 depuis la dernière actualisation
  • Le résultat moyen est 17 sur 32
Statistiques - réponses
n gares correspondances % Correct
6 Meaux
92%
1 (séparation FM/CT/C/P) Paris-Est RER EM 4 5 7
92%
2 (vers FM/CT) Chelles - Gournay RER E
88%
5 Esbly T 14
84%
19 (vers C) Tournan RER E
80%
18 Château-Thierry
78%
25 Coulommiers
76%
32 Provins
76%
3 Vaires - Torcy
76%
4 Lagny - Thorigny
68%
7 (séparation FM/CT) Trilport
66%
12 La Ferté-Milon
64%
14 La Ferté-sous-Jouarre
62%
28 Nangis
56%
26 (vers P) Verneuil-l'Etang
50%
29 Longueville
48%
9 Lizy-sur-Ourcq
46%
13 (vers CT) Changis - Saint-Jean
42%
10 Crouy-sur-Ourcq
42%
15 Nanteuil - Saâcy
42%
20 Marles-en-Brie
36%
8 (vers FM) Isles - Armentières - Congis
34%
17 Chézy-sur-Marne
32%
11 Mareuil-sur-Ourcq
32%
27 Mormant
30%
16 Nogent-l'Artaud - Charly
30%
22 Guérard - La Celle-sur-Morin
28%
21 Mortcerf
28%
24 Mouroux
28%
30 Sainte-Colombe-Septveilles
28%
31 Champbenoist - Poigny
26%
23 Faremoutiers - Pommeuse
26%
Aucun quiz correspondant
Distribution des résultats
% des personnes avec chaque résultat
Percentile par nombre de réponses
Votre historique - résultats
Vous n’avez pas pris ce quiz depuis la dernière actualisation